000 01071aam a2200289 4500
001 14825
003 CO-MdFUSB
005 20170505085219.0
008 170505t19951996sp ||||f |||| 00| 0 spa d
020 _a84-487-0220-4
040 _aCO-MdFUSB
_bspa
_cCO-MdFUSB
_dCO-MdFUSBC
_erda
041 0 _aspa
082 0 4 _a24
_2R 109
_bG752g Vol. 98
100 1 _aComte, Auguste
_eautor
245 1 0 _aGrandes obras del pensamiento
_b: Discurso sobre el espíritu positivo
_c/ Auguste Comte ; Julián Marías, Traductor
264 1 _aBarcelona :
_bAltaya,
_c℗1996
264 4 _c©1995
300 _a133 Pág.
_b:
_c;
336 _2rdacontent
_a1
_ba1
337 _2rdamedia
_a2
_b5
338 _2rdacarrier
_a2
_b5
490 _aGrandes Obras del Pensamiento
500 _aTítulo original : Discour sur l'esprit positif
505 0 0 _adiscurso sobre el espíritu positivo -- superioridad mental del espíritu positivo -- superioridad social del espíritu positivo -- condiciones de advenimiento de la escuela positiva.
650 7 _9168
_aFilosofía antigua
942 _cREF
999 _c43653
_d43653